South Eastern Europe after the Crisis (Record no. 6740)

MARC details
000 -LEADER
fixed length control field 00491nas a22001817i 4500
001 - CONTROL NUMBER
control field 8001
003 - CONTROL NUMBER IDENTIFIER
control field OSt
005 - DATE AND TIME OF LATEST TRANSACTION
control field 20170216211012.0
007 - PHYSICAL DESCRIPTION FIXED FIELD--GENERAL INFORMATION
fixed length control field tu
008 - FIXED-LENGTH DATA ELEMENTS--GENERAL INFORMATION
fixed length control field 161220s2010 xxu||||| |||| 00| 0 d
024 7# - OTHER STANDARD IDENTIFIER
Standard number or code 8001
Source of number or code RID
040 ## - CATALOGING SOURCE
Transcribing agency OSt
100 1# - MAIN ENTRY--PERSONAL NAME
Personal name Will, Bartlett
Relator term Ed.
245 00 - TITLE STATEMENT
Title South Eastern Europe after the Crisis
Remainder of title A New Dawn or Back to Business as Usual?
260 ## - PUBLICATION, DISTRIBUTION, ETC.
Place of publication, distribution, etc. London :
Name of publisher, distributor, etc. LSE - Research on South Eastern Europe,
Date of publication, distribution, etc. 2010.
300 ## - PHYSICAL DESCRIPTION
Dimensions 30cm
700 1# - ADDED ENTRY--PERSONAL NAME
Personal name Vassilis, Monastiriotis
Relator term Ed.
942 ## - ADDED ENTRY ELEMENTS (KOHA)
Koha item type Paper
Holdings
Withdrawn status Lost status Damaged status Not for loan Home library Current library Shelving location Date acquired Inventory number Total Checkouts Barcode Date last seen Price effective from Koha item type
        WIIW WIIW Library 12/21/2010 8001   10004070 01/26/2017 01/26/2017 Paper
The Vienna Instiute for International Economic Studies (wiiw)